| 000 | 00585nam a2200169 i 4500 | ||
|---|---|---|---|
| 001 | 188821 | ||
| 003 | ES-MaACL | ||
| 005 | 20230906223318.0 | ||
| 007 | t| | ||
| 008 | 190218s1964 xxk ||||1| spa d | ||
| 110 | 2 |
_aGran Bretaña. _bCentral Office of Information. _bReference Division. _9166342 |
|
| 245 | 1 | 3 |
_aEl régimen jurídico inglés / _c[Servicios Británicos de Información]. |
| 260 |
_aLondon : _bReference Division, Central Office of Information, _c[1964] |
||
| 300 |
_a40 p. ; _c24 cm. |
||
| 650 | 0 | 4 |
_aDerecho- _zGran Bretaña. _911624 |
| 852 |
_aES-MaACL _jP-420-Bis-7 |
||
| 999 |
_c188821 _d188821 |
||